| 000 | 01280nam a2200337 a 4500 | ||
|---|---|---|---|
| 001 | 60018 | ||
| 003 | BD-RjUL | ||
| 005 | 20211209080809.0 | ||
| 008 | 161228s1988 cau b 001 0 eng | ||
| 020 |
_a0803928742 : _c$17.95 |
||
| 020 |
_a0803928750 (pbk.) : _c$8.95 |
||
| 035 | _a(BD-RjUL)60142 | ||
| 040 |
_aDLC _cDLC _dBD-RjUL _beng |
||
| 041 | _aeng | ||
| 082 | 0 | 0 |
_a362.1072 _223 _bGRR 1988 |
| 100 | 1 |
_aGrady, Kathleen E. _9178579 |
|
| 245 | 1 | 0 |
_aResearch in health care settings / _cKathleen E. Grady, Barbara Strudler Wallston. |
| 260 |
_aNewbury Park, Calif. : _bSage Publications, _cc1988. |
||
| 300 |
_a176 p. ; _c23 cm. |
||
| 500 | _aIncludes indexes. | ||
| 504 | _aBibliography: p. 163-170. | ||
| 650 | 0 |
_aMedicine _xResearch _xMethodology. _9178581 |
|
| 650 | 0 |
_aSocial medicine _xResearch _xMethodology. _9178582 |
|
| 650 | 0 |
_aClinical health psychology _xResearch _xMethodology. _9178583 |
|
| 700 | 1 |
_aWallston, Barbara Strudler. _9178584 |
|
| 856 | 4 | 2 |
_3Publisher description _uhttp://www.loc.gov/catdir/enhancements/fy0654/88003154-d.html |
| 856 | 4 | 1 |
_3Table of contents only _uhttp://www.loc.gov/catdir/enhancements/fy0654/88003154-t.html |
| 942 |
_2ddc _cBK |
||
| 999 |
_c60018 _d60018 |
||